| Поле | Название | Значение |
| |
Тип записи |
a |
| |
Библиографический уровень |
m |
| 001 |
Контрольный номер |
RU/URAIT/586214 |
| 005 |
Дата корректировки |
20260429163618.0 |
| 008 |
Кодируемые данные |
260429s2026 RU y f j 000 0 rus u |
| 020 |
Индекс ISBN |
__ |
| a |
ISBN |
978-5-534-08384-2 |
| c |
Цена, тираж |
639.00 |
| 040 |
Источник каталогиз. |
__ |
| a |
Служба первич. каталог. |
ИКО Юрайт |
| c |
Служба, преобразующая запись |
ИКО Юрайт |
| e |
Правила каталог. |
RCR |
| 041 |
Код языка издания |
__ |
| a |
Код языка текста |
rus |
| 044 |
Код страны публикации |
__ |
| a |
Код страны публикации |
RU |
| 080 |
Индекс УДК |
__ |
| a |
Индекс УДК |
340 |
| 084 |
Индекс другой классификации/Индекс ББК |
__ |
| 2 |
Источник индекса |
rubbk |
| a |
Индекс другой классификации/Индекс ББК |
67.0 |
| 100 |
Автор |
__ |
| a |
Автор |
Зайцев А. И. |
| q |
Полное имя |
Зайцев Алексей Игоревич |
| 245 |
Заглавие |
__ |
| a |
Заглавие |
Комментарий к модельному закону «О третейских судах и третейском разбирательстве» |
| b |
Продолж. заглавия |
- служебная - для во и спо |
| c |
Ответственность |
А. И. Зайцев. |
| 256 |
Характеристики компьютерного файла |
__ |
| a |
Характеристики компьютерного файла |
Электрон. дан. |
| 260 |
Выходные данные |
__ |
| a |
Место издания |
Москва |
| b |
Издательство |
Юрайт |
| c |
Дата издания |
2026 |
| 300 |
Физическое описание |
__ |
| a |
Объем |
148 с |
| 440 |
Серия |
__ |
| a |
Серия |
Профессиональные комментарии |
| 500 |
Примечания |
__ |
| a |
Примечание |
URL: https://urait.ru/bcode/586214 (дата обращения: 29.04.2026). |
| 520 |
Аннотация |
__ |
| a |
Аннотация |
Настоящее издание представляет собой постатейный комментарий к модельному закону «О третейских судах и третейском разбирательстве», принятому 25 ноября 2016 г. Межпарламентской ассамблеей государств — участников Содружества Независимых Государств. Данный модельный закон рекомендован к использованию при разработке и принятии национальных законов о третейских судах странами СНГ. Практическое значение и актуальность издания обусловлены сужением подсудности государственных судов в части экономических споров с переводом соответствующих дел к подсудности третейских судов. При написании Комментария использована законодательная база по состоянию на 1 июля 2017 г. |
| 538 |
Прим. о системных особенностях |
__ |
| a |
Прим. о системных особенностях |
Режим доступа: Электронно-библиотечная система Юрайт, для авториз. пользователей |
| 653 |
Ключевые слова |
__ |
| a |
Ключевые слова |
Гражданский и арбитражный процесс |
| 653 |
Ключевые слова |
__ |
| a |
Ключевые слова |
Юридические науки |
| 653 |
Ключевые слова |
__ |
| a |
Ключевые слова |
Третейское судопроизводство |
| 856 |
Электронный адрес документа |
40 |
| n |
Местонахождение сервера |
Юрайт |
| g |
|
Электронная книга |
| q |
Тип электронного формата |
html |
| h |
Имя пользователя |
ЮРАЙТ |
| v |
Часы доступа к ресурсу |
20271231 |
| 2 |
Способ доступа |
Показать документ |
| x |
Служебное примечание |
https://urait.ru/book/cover/4327A75C-7780-4998-8840-1A7902166B08 |
| u |
URL |
https://urait.ru/bcode/586214 |
| 856 |
Электронный адрес документа |
48 |
| q |
Тип электронного формата |
cover |
| u |
URL |
https://urait.ru/book/cover/4327A75C-7780-4998-8840-1A7902166B08 |
| 911 |
|
__ |
| u |
|
0030=https://urait.ru/bcode/586214 |
| 911 |
|
__ |
| u |
|
073a=9785534083842 |
| u |
|
073d=639.00 |
| 911 |
|
__ |
| u |
|
106a=s |
| 911 |
|
__ |
| u |
|
900l= |
| 952 |
Тип литературы |
__ |
| i |
Дисциплина |
Третейское судопроизводство |